International relations and human rights / (Record no. 93627)

MARC details
000 -LEADER
fixed length control field 00607nam a22001937a 4500
005 - DATE AND TIME OF LATEST TRANSACTION
control field 20150622144006.0
010 ## - LCCN (DPL NO)
LC control number ENG-112992
020 ## - INTERNATIONAL STANDARD BOOK NUMBER
International Standard Book Number 9789382420354
Terms of availability 900.00
035 ## - SYSTEM CONTROL NUMBER
System control number EN-96524
037 ## - SOURCE OF ACQUISITION
Source of stock number/acquisition DBAD/PUB
082 ## - DEWEY DECIMAL CLASSIFICATION NUMBER
Classification number 341.3
100 ## - MAIN ENTRY--PERSONAL NAME
Personal name Sudhir Kumar
245 ## - TITLE STATEMENT
Title International relations and human rights /
Statement of responsibility, etc by Sudhir Kumar
260 ## - PUBLICATION, DISTRIBUTION, ETC. (IMPRINT)
Name of publisher, distributor, etc Kunal Books
Date of publication, distribution, etc 2013
Place of publication, distribution, etc New Delhi
270 ## - ADDRESS
City New Delhi
Postal code 110002
Address 4648/21, First Floor, Ansari Road, Daryaganj,
300 ## - PHYSICAL DESCRIPTION
Extent vi,280p.
Dimensions 22cm(Hb)
500 ## - GENERAL NOTE
General note Includes bibliographical references and index
942 ## - ADDED ENTRY ELEMENTS (KOHA)
Source of classification or shelving scheme Dewey Decimal Classification
Item type English Books
Call number suffix SUD
Classification part 341.3
Holdings
Withdrawn status Lost status Not for loan Collection code Home library Current library Date acquired Source of acquisition Cost, normal purchase price Full call number Barcode Copy number Cost, replacement price Koha item type
    Not For Loan Non-fiction D.B.Act.Division D.B.Act.Division 15/05/2015 DBAD/PUB 900.00 341.3 SUD EN-96524 1 900.00 English Books

© Delhi Public Library
Hit Counter
free hit counter